[Event "Campeonato de Aragon por Equipos 2009"]
[Site "Aragon"]
[Date "2009.04.25"]
[Round "12.24"]
[White "Dominguez Luzon Fernando"]
[Black "Ferrer Echevarri Francisco Javi"]
[Result "0-1"]
[WhiteElo "2077"]
[BlackElo "1969"]

1.d4 Nf6 2.Nf3 e6 3.c4 b6 4.Nc3 Bb4 5.Bg5 h6 6.Bh4 g5 7.Bg3 Bxc3+ 8.bxc3 Ba6
9.e3 d6 10.Bd3 Qd7 11.Nxg5 Qc6 12.Qf3 Qxf3 13.Nxf3 Nc6 14.Ke2 Na5 15.Nd2 Rc8
16.Rac1 Nd7 17.f3 Ke7 18.e4 c5 19.f4 f6 20.Bh4 Kf7 21.g4 Rcg8 22.Rhg1 Nc6 23.
Ke3 Ne7 24.Rcf1 Ng6 25.Bg3 Ne7 26.Bh4 Ng6 27.Bg3 Ne7 28.Be2 Rg7 29.e5 d5 30.
cxd5 Nxd5+ 31.Kf2 Bxe2 32.Kxe2 Nxc3+ 33.Kd3 cxd4 34.Re1 Nc5+ 35.Kxd4 Nb5+ 36.
Kc4 Na3+ 37.Kc3 Rd8 38.Re3 Nb5+ 39.Kc2 Nd4+ 40.Kc1 Rxg4 41.Nc4 Nf5 42.Rf3 Rd4
43.Ne3 Nxe3 44.Rxe3 f5 45.Rd1 Rxd1+ 46.Kxd1 h5 47.Ra3 a5 48.Ke2 h4 49.Bf2 Rxf4
50.Bxc5 bxc5 51.Rxa5 Re4+ 52.Kf3 Rxe5 53.Ra4 Re4 54.Rxe4 fxe4+ 55.Kxe4 Ke7 56.
Ke5 Kd7 57.a4 Kc6 58.a5 Kb5 59.Kxe6 c4 0-1